000 00510nam a22001817a 4500
005 20160725161913.0
010 _aENG-115524
020 _a9788192226675
_c300.00
035 _aEN-99056
037 _bDBAD/PUB
082 _aN
100 _aKashyap,Shankar
245 _aHarappa : the lure of soma /
_cby Shankar Kashyap
260 _aNew Delhi
_bPalimpsest Publishers
_c2013
270 _a16,Community Center,Panchsheel Park
_bNew Delhi
_e110017
300 _a286p.
_c21cm(pbk)
942 _2ddc
_cEN
_hN
_mKAS
999 _c101460
_d101460